000 00377nam a2200157Ia 4500
008 230524s9999 xx 000 0 und d
082 _a4
_bABR
100 _aMichael Abrash
_917552
245 0 _aZen of Code of Optimization
250 _a1ST
260 _aNEW DELHI
_bGalgotia
_c1994
300 _aXX;449
500 _aQuantity Number: 1
650 _aComp-Sc
942 _cBK
999 _c26553
_d26553